Normal view
MARC view
Entry Corporate Name
001 - CONTROL NUMBER
- control field: 301033
003 - CONTROL NUMBER IDENTIFIER
- control field:
005 - DATE AND TIME OF LATEST TRANSACTION
- control field: 20210602101454.0
008 - FIXED-LENGTH DATA ELEMENTS
- fixed length control field: 210602|| aca||aabn | a|a d
040 ## - CATALOGING SOURCE
- Original cataloging agency:
- Transcribing agency:
110 ## - HEADING--CORPORATE NAME
- Corporate name or jurisdiction name as entry element: Chandler Kipling Collection
670 ## - SOURCE DATA FOUND
- Source citation: Work cat.: (): Kipling, Rudyard, 1865-1936 922, All the Mowgli stories /, 1956
